Modern Inventory Management And Control Manual, (Record no. 6020)

MARC details
005 - DATE AND TIME OF LATEST TRANSACTION
control field 20250628132659.0
082 ## - DEWEY DECIMAL CLASSIFICATION NUMBER
Classification number 658.787 TES.
100 ## - MAIN ENTRY--PERSONAL NAME
Author name TESHA, P. C.
245 ## - TITLE STATEMENT
Title Modern Inventory Management And Control Manual,
250 ## - EDITION STATEMENT
Edition statement 4th Ed.
260 ## - PUBLICATION, DISTRIBUTION, ETC.
Place of publication, distribution, etc. New York,
Name of publisher, distributor, etc. Mc Graw Hill Irwin Education,
Date of publication, distribution, etc. 2002.
300 ## - PHYSICAL DESCRIPTION
Extent 209p.
Dimensions 20cm.
942 ## - ADDED ENTRY ELEMENTS (KOHA)
Source of classification or shelving scheme Dewey Decimal Classification
Koha item type Books
Holdings
Date last seen Total checkouts Full call number Barcode Cost, replacement price Price effective from Koha item type Lost status Source of classification or shelving scheme Damaged status Not for loan Withdrawn status Home library Current library Shelving location Date acquired Cost, normal purchase price
06/28/2025   658.787TES DOM0004202 30000.00 06/28/2025 Books   Dewey Decimal Classification       CBE Dodoma CBE Dodoma General Collection 06/28/2000 10000.00
07/01/2025   658.787TES DOM0003553 30000.00 07/01/2025 Books   Dewey Decimal Classification       CBE Dodoma CBE Dodoma General Collection 06/28/2000 10000.00